000 00287 a2200133 4500
000 nam a22 7a 4500
100 _aLalit
110 _aLalit
245 _ayog aagaht evam swasthya
250 _alatest edition
260 _bsatyam
_c2017
264 _bsatyam
_c2017
942 _cBK
999 _c396271
_d396271